00450nam a2200181Ia 4500003000400000005001700004008004100021020001800062040000700080041000800087082001500095100003500110245003400145260004000179300001600219365001300235650002000248OSt20230504114937.0210423s2011 xx 000 0 und d a9788130900407 cAL aeng a539.7 KAKS aKAKANI (S L);KAKANI (Shubhra). aNuclear and particle physics. aNew DelhibViva Books Pvt Ltdc2011 avii,965bPB b495cINR aNuclear Physics